000 00832cam a2200205 4500
001 ABS63846
008 000000n2001 000 0 eng u
035 _a(Sirsi) u112383
100 _aElis, R.
245 _aBring in a specialist or do it yourself?
260 _c2001
490 _aEstates Gazette
_v(0016) 21 April 2001, 139(2)
520 _aConsiders the options available to landowners who are thinking about promoting a development site. Lists the common objectives and discusses whether landowner promotion, builder/developer option or promotion agreement is the best way forward. With tables showing which building option yields the most money.
590 _aABS
650 _aLANDOWNER
650 _aBUILDING CONTRACTOR
650 _aPROMOTION AGREEMENT
690 _aPROPERTY-PROPERTY DEVELOPMENT
942 _n0
999 _c66881
_d66881